The teaching online handbook (Record no. 85869)

MARC details
000 -LEADER
fixed length control field 00786 a2200253 4500
003 - CONTROL NUMBER IDENTIFIER
control field CBULib
005 - DATE AND TIME OF LATEST TRANSACTION
control field 20241211080807.0
008 - FIXED-LENGTH DATA ELEMENTS--GENERAL INFORMATION
fixed length control field 241211b |||||||| |||| 00| 0 eng d
020 ## - INTERNATIONAL STANDARD BOOK NUMBER
International Standard Book Number 9781913622381
040 ## - CATALOGING SOURCE
Language of cataloging English
Transcribing agency CBULib
Description conventions rda
050 ## - LIBRARY OF CONGRESS CALL NUMBER
Classification number LB 1044.87 Ost
100 ## - MAIN ENTRY--PERSONAL NAME
Personal name Ostaff, Courtney
9 (RLIN) 4181
245 ## - TITLE STATEMENT
Title The teaching online handbook
Statement of responsibility, etc / by Courtney Ostaff
260 ## - PUBLICATION, DISTRIBUTION, ETC. (IMPRINT)
Name of publisher, distributor, etc John Catt Educational Ltd,
Date of publication, distribution, etc 2020
Place of publication, distribution, etc Melton, Suffolk :
300 ## - PHYSICAL DESCRIPTION
Extent 329 pages : illustrations
336 ## - CONTENT TYPE
Source rdacontent
Content type term Text |
Content type code txt
337 ## - MEDIA TYPE
Source rdamedia
Media type term Unmediated |
Media type code n
338 ## - CARRIER TYPE
Source rdacarrier
Carrier type term Volume
Carrier type code nc
504 ## - BIBLIOGRAPHY, ETC. NOTE
Bibliography, etc Includes bibliographical references.
650 #0 - SUBJECT ADDED ENTRY--TOPICAL TERM
9 (RLIN) 4183
Topical term or geographic name as entry element INTERNET EDUCATION
650 #0 - SUBJECT ADDED ENTRY--TOPICAL TERM
9 (RLIN) 4184
Topical term or geographic name as entry element WEB-BASED INSTRUCTION
650 #0 - SUBJECT ADDED ENTRY--TOPICAL TERM
9 (RLIN) 4185
Topical term or geographic name as entry element TEACHING
942 ## - ADDED ENTRY ELEMENTS (KOHA)
Source of classification or shelving scheme
Koha item type MONOGRAPH
Holdings
Withdrawn status Lost status Source of classification or shelving scheme Damaged status Not for loan Collection code Permanent Location Current Location Shelving location Date acquired Source of acquisition Total Checkouts Full call number Barcode Date last seen Copy number Price effective from Koha item type
          CBU-Lusaka Campus CBU- LUSAKA CAMPUS CBU-MAIN LIBRARY, KITWE. General Stacks 09/18/2024 Book Aid International   LB 1044.87 Ost 753241 12/11/2024 1 12/11/2024 MONOGRAPH